LEADER 02738nam a2200445 a 4500 001 000000128612 003 CaOOAMICUS 005 20120906101459.0 008 120427m20119999rm u000 u eng r 020 $a978-973-611-787-9 020 $a978-973-611-831-9 (v. 3) 040 $aPUL$bita 082 04$a370 110 2 $aRamanian Academy.$bConvegno internazionale$c(Iasi, Romania :$d2010).$0(OLS)http://pul/name/82195 245 10$aLimits of knowledge society :$bpsychology and educational sciences, anthropology and cultural studies, proceedings of the International Conference Iasi, 6-9 October 2010, Iasi - Romania /$ceditors, Ana Gugiuman, Cornelia Gasparel. 260 $aIasi, Romania :$bInstitutul European,$c2011- 300 $av. ;$c24 cm 490 1 $aSocietate & Cunoastere ;$v03-04 504 $aBibliografia in nota. 505 1 $aV. 1. Psychology and educational sciences, anthropology and cultural studies. -- v. 3. Anthropology and cultural studies : ethics, social and political philosophy. 650 4$aPsicologia educativa.$0(OLS)http://pul/subject/3457 700 1 $aGugiuman, Ana.$0(OLS)http://pul/name/82196 700 1 $aGasparel, Cornelia.$0(OLS)http://pul/name/82197 700 1 $aFrasin, Irina.$0(OLS)http://pul/name/83204 700 1 $aVasiliu, Codrin Dinu.$0(OLS)http://pul/name/83205 740 02$aAnthropology and cultural studies : ethics, social and political philosophy. 740 02$aPsychology and educational sciences, anthropology and cultural studies. 830 0$aSocietate & Cunoastere ;$v03-04.$0(OLS)http://pul/title/162528 850 $aPUL 852 $aPUL$W1$xDP2 Diritto e Scienze Sociali 3$y110$m370 INSEU 1.3$j150441$av. 3$qDDC 21$B148986$CPULBib$Z2$F148986 $H120508 $82 852 $aPUL$W1$xDP2 Diritto e Scienze Sociali 3$y110$m370 INSEU 1$j148970$qDDC 21$B147484$CPULBib$Z2$F147484 $H119240 $82 941 1 $a9 996 $6020$a978-973-611-787-9$9(OLS)http://pul/number/149543 996 $6020$a978-973-611-831-9 (v. 3)$9(OLS)http://pul/number/150404 996 $6082$a370$9(OLS)http://pul/classification/497 996 $6740$aAnthropology and cultural studies : ethics, social and political philosophy$9(OLS)http://pul/title/164220 996 $6740$aPsychology and educational sciences, anthropology and cultural studies$9(OLS)http://pul/title/164221 996 $6245$aLimits of knowledge society :$bpsychology and educational sciences, anthropology and cultural studies, proceedings of the International Conference Iasi, 6-9 October 2010, Iasi - Romania$9(OLS)http://pul/title/162527 996 $6260$aIasi, Romania :$bInstitutul European$9(OLS)http://pul/publisher/81969 LEADER 01306nam a2200301 a 4500 001 000000125827 003 CaOOAMICUS 005 20110627111233.0 008 110627s2011 it u001 0 ita r 020 $a978-88-6124-139-8 040 $aPUL$bita 082 04$a262.91 100 1 $aImpellizzeri, Vito,$d1971-$0(OLS)http://pul/name/69225 245 10$aOmnia nobis est Christus :$bl'umanesimo dell'incarnazione in Giovanni Battista Montini /$cVito Impellizzeri. 260 $aTrapani :$bIl pozzo di Giacobbe,$cİ2011. 300 $a271 p. ;$c21 cm 490 1 $aAi crocevia 504 $aBibliografia in nota. 600 04$aPaulus PP.$bVI, s.,$d1897-1978$xInsegnamenti.$0(OLS)http://pul/subject/23365 830 0$aAi crocevia.$0(OLS)http://pul/title/142637 850 $aPUL 852 $aPUL$W1$xSL Religione 3$y85$m270. 092 IMPVI 1$j144944$qDDC 21$B143953$CPULBib$Z2$F143953 $H117178 $82 941 1 $a9 996 $6020$a978-88-6124-139-8$9(OLS)http://pul/number/147585 996 $6082$a262.91$9(OLS)http://pul/classification/1668 996 $6245$aOmnia nobis est Christus :$bl'umanesimo dell'incarnazione in Giovanni Battista Montini$9(OLS)http://pul/title/158783 996 $6260$aTrapani :$bIl pozzo di Giacobbe$9(OLS)http://pul/publisher/79226